| 000 | 00873nam a2200229 a 4500 | ||
|---|---|---|---|
| 005 | 20240924071148.0 | ||
| 008 | 050921s1997 mx r 000 0 spa d | ||
| 020 | _a8420682004 | ||
| 035 | _aUPN01000140177 | ||
| 049 | _aCG | ||
| 050 | 4 |
_aPQ7081 _bO8.4 |
|
| 100 | 1 | _aOviedo, José Miguel | |
| 245 | 1 | 0 |
_aHistoria de la literatura hispanoamericana / _cJosé Miguel Oviedo. |
| 260 |
_aMadrid, Esp. : _bAlianza, _c1997. |
||
| 300 | _a4 v. | ||
| 440 | 0 |
_aAlianza universidad textos ; _v163,169,170 |
|
| 500 | _aLa biblioteca solo tiene del volumen 2 al volumen 4 | ||
| 505 | 8 |
_aContenido parcial: _gv.2. _tDel romanticismo al modernismo -- _gv.3. _tPostmodernismo, vanguardia, regionalismo -- _gv.4. _tDe Borges al presente |
|
| 650 | 4 |
_aLITERATURA HISPANOAMERICANA - _ySIGLO XX - _xHISTORIA Y CRITICA _910212 |
|
| 650 | 2 |
_aLiteratura hispanoamericana _91091 |
|
| 905 | _aLibro | ||
| 999 |
_c112325 _d112325 |
||